|
|
|
|
| LEADER |
01202nam a2200229 a 4500 |
| 001 |
GR-Patra33146 |
| 003 |
GR-PaULI |
| 005 |
20231127105105.0 |
| 008 |
121008r20092007enka g b 001 0 eng d |
| 020 |
|
|
|a 9781861564801
|
| 040 |
|
|
|a GrPaTEI
|b gre
|c GR-PaULI
|e AACR2
|
| 082 |
0 |
4 |
|a 615.82
|2 23
|
| 100 |
1 |
|
|a Laver-Fawcett, Alison J.
|9 201055
|e συγγραφέας.
|
| 245 |
1 |
0 |
|a Principles of assessment and outcome measurement for occupational therapists and physiotherapists :
|b theory, skills and application /
|c Alison J. Laver Fawcett.
|
| 260 |
|
|
|a England :
|b John Wiley & Sons,
|c c2007.
|
| 300 |
|
|
|a xxi, 467 σ. :
|b εικ. ;
|c 24 εκ.
|
| 504 |
|
|
|a Περιλαμβάνει βιβλιογραφίες και ευρετήριο.
|
| 650 |
|
4 |
|a Φυσικοθεραπεία
|9 31045
|
| 942 |
|
|
|2 ddc
|c BK
|
| 952 |
|
|
|0 0
|1 0
|2 ddc
|4 0
|6 615_820000000000000_LAV
|7 0
|9 314146
|a LISP
|b LISP
|c BSC
|d 2021-01-17
|e
|f
|i 52092
|l 0
|o 615.82 LAV
|p 025000304713
|r 2021-01-17 00:00:00
|t 2
|w 0000-00-00
|y BK15
|x
|x
|x
|
| 952 |
|
|
|0 0
|1 0
|2 ddc
|4 0
|6 615_820000000000000_FAW
|7 0
|9 314147
|a LISK
|b LISK
|c BSC
|d 2021-01-17
|e 24
|f 0
|g 0.00
|l 0
|o 615.82 FAW
|p 92410052091
|r 2021-01-17 00:00:00
|t 1
|w 2021-01-17
|y BK15
|x 20130725 0 1
|x GrPaTEI
|
| 999 |
|
|
|c 179687
|d 179687
|